Methods of measurement of defined benefit (pension) liabilities according to IAS 19 and their impact on information presented in financial statements

Zmeny v účtovaní dôchodkov v posledných 40tich rokoch. Historické aspekty účtovania dôchodku (definovanej dávky) a metódy ich merania. Meranie plánov dôchodkov pred rokom 1998. Meranie plánov dôchodkov podľa IAS 19. Príklad.

Guardado en:
Detalles Bibliográficos
Autor principal: Števková, Lucia
Formato: Capítulo de libro
Lenguaje:inglés
Materias:
Etiquetas: Agregar Etiqueta
Sin Etiquetas, Sea el primero en etiquetar este registro!

MARC

LEADER 00000nla$a2200000$$$4500
001 0113954
005 20240502083302.9
041 0 |a eng 
044 |a CZ 
245 1 0 |a Methods of measurement of defined benefit (pension) liabilities according to IAS 19 and their impact on information presented in financial statements  |c Lucia Števková 
520 |a Zmeny v účtovaní dôchodkov v posledných 40tich rokoch. Historické aspekty účtovania dôchodku (definovanej dávky) a metódy ich merania. Meranie plánov dôchodkov pred rokom 1998. Meranie plánov dôchodkov podľa IAS 19. Príklad. 
610 2 0 |a dôchodky 
610 2 0 |a dôchodky starobné 
610 2 0 |a účtovanie 
610 2 0 |a štandardy účtovné medzinárodné 
610 2 0 |a plán 
610 2 0 |a IAS 19 
100 1 |a Števková, Lucia